| 000 | 00342nam a22001217a 4500 | ||
|---|---|---|---|
| 008 | 230606b xxu||||| |||| 00| 0 eng d | ||
| 082 |
_a338.96762 _bKEN |
||
| 245 |
_aKenya Vision 2030 _cGovernment of the Republic of Kenya |
||
| 260 |
_aKenya _bGovernment of the Republic of Kenya _c2007 |
||
| 300 | _a135 p | ||
| 500 | _aPictures | ||
| 942 |
_2ddc _cBK |
||
| 999 |
_c500 _d500 |
||